[Event "NED-ch U15"]
[Site "Venlo"]
[Date "2009.05.02"]
[Round "9"]
[White "Evengroen, Bernard"]
[Black "Slenderbroek, Tim"]
[Result "1/2-1/2"]
[WhiteElo "1532"]
[BlackElo "1378"]
[PlyCount "118"]
[EventDate "2009.04.24"]
[EventType "swiss"]
[EventRounds "9"]
[EventCountry "NED"]
[SourceTitle "EXT 2013"]
[Source "ChessBase"]
[SourceDate "2012.11.22"]
[SourceVersion "1"]
[SourceVersionDate "2012.11.22"]
[SourceQuality "1"]

1. e4 e5 2. Nf3 Nc6 3. d4 exd4 4. Nxd4 Nf6 5. Nc3 Bb4 6. Nxc6 Bxc3+ 7. bxc3 dxc6 8. Qxd8+ Kxd8 9. Bg5 h6 10. 0-0-0+ Ke7 11. Bf4 Be6 12. f3 b5 13. a3 Rac8 14. Be3 Nd7 15. f4 f6 16. g3 Bg4 17. Re1 a6 18. Bg2 c5 19. e5 fxe5 20. fxe5 Rhe8 21. Bc6 Kd8 22. h3 Bf5 23. g4 Be6 24. Rd1 Re7 25. Bxc5 Rf7 26. Bxd7 Rxd7 27. Rxd7+ Kxd7 28. Rf1 Rg8 29. Kd2 Kc6 30. Bb4 Kd5 31. Re1 c5 32. Ba5 Kc6 33. Ke3 Rf8 34. Re2 Bd5 35. Kd2 Bc4 36. Re3 Rf2+ 37. Kc1 Re2 38. Rxe2 Bxe2 39. Kd2 Bf3 40. Ke3 Bd1 41. Kd2 Bf3 42. Bd8 g5 43. Ke3 Bg2 44. Bf6 Bxh3 45. Kf3 Kd5 46. Bg7 Bf1 47. Bxh6 Kxe5 48. Bxg5 Bc4 49. Be7 Bd5+ 50. Ke3 c4 51. Kd2 Be4 52. Kc1 Ke6 53. Bd8 Kd7 54. Ba5 Ke7 55. Kd2 Kf6 56. Bd8+ Ke6 57. Ke3 Bxc2 58. Kf4 Bd3 59. g5 Kd5 1/2-1/2

[Event "NED-ch U15"]
[Site "Venlo"]
[Date "2009.04.28"]
[Round "5"]
[White "Slenderbroek, Tim"]
[Black "Veltkamp, Bastiaan"]
[Result "0-1"]
[WhiteElo "1378"]
[BlackElo "1698"]
[PlyCount "152"]
[EventDate "2009.04.24"]
[EventType "swiss"]
[EventRounds "9"]
[EventCountry "NED"]
[SourceTitle "EXT 2013"]
[Source "ChessBase"]
[SourceDate "2012.11.22"]
[SourceVersion "1"]
[SourceVersionDate "2012.11.22"]
[SourceQuality "1"]

1. e4 c5 2. Nc3 Nc6 3. f4 d6 4. Nf3 Nf6 5. d3 g6 6. g3 Bg7 7. Bg2 0-0 8. 0-0 Qb6 9. Na4 Qc7 10. Qe1 b5 11. Nc3 b4 12. Nd1 Rb8 13. h3 Ne8 14. Ne3 Nd4 15. g4 f5 16. Nh4 e6 17. Kh1 fxe4 18. dxe4 Ba6 19. Rf2 Qe7 20. g5 Nc7 21. Ng4 Bc8 22. Nf3 Ncb5 23. Qf1 Bb7 24. Ne1 d5 25. e5 c4 26. b3 Nf5 27. Kh2 Rfc8 28. Nf3 Nc3 29. Nd2 Ba6 30. a3 Rb6 31. axb4 Bf8 32. bxc4 Bxc4 33. Nxc4 Rxc4 34. Ba3 Nb5 35. Qc1 Qc7 36. Bf1 Rcc6 37. Bb2 Nbd4 38. Bd3 Nb3 39. Nf6+ Kh8 40. cxb3 Rxc1 41. Rxc1 Rc6 42. Rfc2 Rxc2+ 43. Rxc2 Qb7 44. b5 Be7 45. Rc6 Ng7 46. Bd4 a5 47. Ra6 Nf5 48. Bf2 d4 49. Rc6 Ne3 50. Bxe3 dxe3 51. Bc4 Bxf6 52. exf6 Qd7 53. Kg3 e5 54. Be6 exf4+ 55. Kxf4 Qd4+ 56. Kg3 h5 57. h4 Qe5+ 58. Kf3 e2 59. Rc8+ Kh7 60. Bg8+ Kh8 61. Bc4+ Kh7 62. Bxe2 Qf5+ 63. Kg2 Qxc8 64. f7 Qb7+ 65. Kg3 Qxf7 66. Bc4 Qf5 67. Be2 Qe4 68. Bf3 Qb4 69. Bd5 Qxb5 70. Bc4 Qe5+ 71. Kh3 Kg7 72. Kg2 Kf8 73. Kh3 Ke7 74. Bd3 Qe3+ 75. Kh2 Qxd3 76. b4 axb4 0-1

[Event "NED-ch U15"]
[Site "Venlo"]
[Date "2009.04.27"]
[Round "4"]
[White "Hendrikse, Arnoud"]
[Black "Slenderbroek, Tim"]
[Result "1-0"]
[WhiteElo "1421"]
[BlackElo "1378"]
[PlyCount "134"]
[EventDate "2009.04.24"]
[EventType "swiss"]
[EventRounds "9"]
[EventCountry "NED"]
[SourceTitle "EXT 2013"]
[Source "ChessBase"]
[SourceDate "2012.11.22"]
[SourceVersion "1"]
[SourceVersionDate "2012.11.22"]
[SourceQuality "1"]

1. d4 d5 2. c4 Nf6 3. cxd5 Nxd5 4. Nf3 Nc6 5. e3 g6 6. Be2 Bg7 7. Nbd2 0-0 8. 0-0 Bf5 9. e4 Nxd4 10. exf5 Nxf5 11. Bc4 Nb6 12. Qc2 Qd6 13. Bb3 c5 14. a4 Rac8 15. Qe4 Qc7 16. a5 Nd7 17. Nc4 Nf6 18. Qc2 Nd5 19. Bd2 e6 20. Bc3 Nd4 21. Bxd4 cxd4 22. Qd2 e5 23. Ncxe5 Bxe5 24. Bxd5 Bg7 25. Rac1 Qd7 26. Be4 f5 27. Bd3 a6 28. Qb4 Kh8 29. Rfd1 Rxc1 30. Rxc1 Rc8 31. Rxc8+ Qxc8 32. Nxd4 Qd7 33. Bxa6 Qxd4 34. Qxb7 h6 35. b4 Bf8 36. Bf1 Qxb4 37. Qc8 Qc5 38. Qe8 Kg7 39. a6 Qc7 40. Qa4 Qa7 41. Bb5 Bc5 42. Qa2 Qb6 43. Bc4 Qa7 44. Bd5 Bxf2+ 45. Qxf2 Qxa6 46. Qd4+ Kh7 47. Kf2 h5 48. Bc4 Qb7 49. Bd5 Qc7 50. h3 Qc2+ 51. Kf3 Qc7 52. Qf6 Qg7 53. Qxg7+ Kxg7 54. Kf4 Kf6 55. h4 Kg7 56. Kg5 Kh7 57. Bf7 f4 58. Bxg6+ Kg7 59. Bxh5 Kh7 60. Kxf4 Kh6 61. g4 Kg7 62. Kg5 Kh7 63. Be8 Kg7 64. h5 Kh7 65. Bg6+ Kg7 66. h6+ Kg8 67. Bc2 Kf7 1-0

[Event "NED-ch U15"]
[Site "Venlo"]
[Date "2009.04.24"]
[Round "1"]
[White "Slenderbroek, Tim"]
[Black "Haver, Daan"]
[Result "0-1"]
[WhiteElo "1378"]
[BlackElo "1785"]
[PlyCount "126"]
[EventDate "2009.04.24"]
[EventType "swiss"]
[EventRounds "9"]
[EventCountry "NED"]
[SourceTitle "EXT 2013"]
[Source "ChessBase"]
[SourceDate "2012.11.22"]
[SourceVersion "1"]
[SourceVersionDate "2012.11.22"]
[SourceQuality "1"]

1. e4 e5 2. Nf3 Nc6 3. Bb5 Bc5 4. 0-0 d6 5. Nc3 Nf6 6. d3 h6 7. Be3 Bb6 8. h3 Bd7 9. Qd2 a6 10. Ba4 Qe7 11. Rad1 Ba5 12. Qe2 Bxc3 13. bxc3 b5 14. Bb3 Na5 15. Nd2 c5 16. c4 b4 17. f4 Nb7 18. Nf3 a5 19. c3 Nh5 20. Qd2 bxc3 21. Qc1 exf4 22. Bxf4 Nxf4 23. Qxf4 Nd8 24. e5 dxe5 25. Qxe5 Qxe5 26. Nxe5 a4 27. Bc2 Be6 28. Rb1 f6 29. Ng6 Rg8 30. Rfe1 Kf7 31. Nf4 Re8 32. Nxe6 Rxe6 33. Rxe6 Nxe6 34. Bd1 Nf4 35. Rc1 Nxd3 36. Rxc3 Nb2 37. Bf3 Re8 38. Bd5+ Kf8 39. Rc2 Nd3 40. a3 Re1+ 41. Kh2 Ne5 42. Rb2 g5 43. Rb8+ Kg7 44. Ra8 Kg6 45. Rxa4 h5 46. Ra6 h4 47. a4 g4 48. hxg4 Nxg4+ 49. Kh3 Kg5 50. g3 Re3 51. Kg2 Rxg3+ 52. Kf1 h3 53. Ra8 h2 54. Ke2 Kf4 55. Rh8 Ra3 56. Bc6 Ra2+ 57. Kf1 Kg3 58. Rh5 f5 59. Ke1 f4 60. Rf5 Rf2 61. Rh5 f3 62. Bd7 Re2+ 63. Kf1 Ne3# 0-1